000 00650nam a22002417a 4500
001 14453
003 BD-JhCC
005 20251126124532.0
008 251126b |||||||| |||| 00| 0 eng d
020 _a9780141398594
035 _a(BD-JhCC) 14453
040 _aBD-JhCC
_dBD-JhCC
041 _aeng
082 _223
_a874
_bCAT
100 _aCatullus
245 _a I hate and I love /
_cGaius Valerius Catullus
260 _aLondon:
_bPenguin Classics,
_c 2015
300 _a109p.;
_c17 cm.
490 _a Penguin little black classics,
_vN, 69
650 _aCatullus, Gaius Valerius
650 _aTranslations into English
942 _2ddc
_cBK
999 _c14453
_d14453